[Event "Paris-ch op-A"]
[Site "Paris"]
[Date "2010.07.07"]
[Round "5"]
[White "Truong, Hubert"]
[Black "Plantet, Marc"]
[Result "1-0"]
[WhiteElo "1832"]
[BlackElo "1938"]
[PlyCount "59"]
[EventDate "2010.07.03"]
[EventType "swiss"]
[EventRounds "9"]
[EventCountry "FRA"]
[SourceTitle "CBM 137 Extra"]
[Source "ChessBase"]
[SourceDate "2010.09.01"]
[SourceVersion "1"]
[SourceVersionDate "2010.09.01"]
[SourceQuality "1"]

1. d4 d5 2. Nf3 Nc6 3. e3 Bg4 4. c4 e5 5. dxe5 dxc4 6. Qa4 Bxf3 7. gxf3 Qd5 8. Bxc4 Bb4+ 9. Qxb4 Nxb4 10. Bxd5 Nxd5 11. Bd2 0-0-0 12. a3 Nge7 13. Nc3 Nb6 14. b3 Rd3 15. 0-0-0 Nc6 16. Kc2 Rhd8 17. f4 g5 18. Ne4 gxf4 19. Nd6+ cxd6 20. Kxd3 dxe5+ 21. Kc2 f3 22. Rhg1 e4 23. Bc3 Nd5 24. Rg5 Nce7 25. Bb4 Nxb4+ 26. axb4 f5 27. Rxd8+ Kxd8 28. Rh5 f4 29. Kd2 fxe3+ 30. Kxe3 1-0

[Event "Paris-ch op-A"]
[Site "Paris"]
[Date "2010.07.03"]
[Round "1"]
[White "Denous, Cyprien"]
[Black "Truong, Hubert"]
[Result "1-0"]
[WhiteElo "2006"]
[BlackElo "1832"]
[PlyCount "74"]
[EventDate "2010.07.03"]
[EventType "swiss"]
[EventRounds "9"]
[EventCountry "FRA"]
[SourceTitle "CBM 137 Extra"]
[Source "ChessBase"]
[SourceDate "2010.09.01"]
[SourceVersion "1"]
[SourceVersionDate "2010.09.01"]
[SourceQuality "1"]

1. e4 d5 2. exd5 Qxd5 3. Nc3 Qd6 4. d4 Nf6 5. Nf3 a6 6. Bc4 Bg4 7. 0-0 Nc6 8. Qd3 Bxf3 9. Qxf3 Qxd4 10. Bb3 Qg4 11. Qe3 e6 12. h3 Qd4 13. Qe2 0-0-0 14. Be3 Qe5 15. Rfd1 Bc5 16. Bxc5 Qxc5 17. Na4 Qe5 18. Qf1 Na5 19. c4 Rxd1 20. Bxd1 Rd8 21. Bf3 Ne4 22. Re1 f5 23. b4 Nc6 24. Nc5 Nxb4 25. Nxe4 fxe4 26. Bxe4 Qc3 27. Bxh7 Nxa2 28. Rxe6 a5 29. Bf5 Kb8 30. Re3 Qf6 31. Bg4 Nb4 32. Bf3 Nc2 33. Qb1 Qa1 34. Qxa1 Nxa1 35. Ra3 Nc2 36. Rxa5 Nd4 37. Bg4 Re8 1-0